Courage: (Record no. 14798)

000 -LEADER
fixed length control field 00731nam a2200205 a 4500
001 - CONTROL NUMBER
control field :::00012632$&:&@@
003 - CONTROL NUMBER IDENTIFIER
control field OkBaRHE
005 - DATE AND TIME OF LATEST TRANSACTION
control field 20000607103421.0
008 - FIXED-LENGTH DATA ELEMENTS--GENERAL INFORMATION
fixed length control field s1986 j 000 0 eng u
040 ## - CATALOGING SOURCE
Transcribing agency
100 1# - MAIN ENTRY--PERSONAL NAME
Personal name Cole, Edwin Louis.
245 10 - TITLE STATEMENT
Title Courage:
Remainder of title scripture reference guide.
260 ## - PUBLICATION, DISTRIBUTION, ETC. (IMPRINT)
Place of publication, distribution, etc Tulsa, OK., :
Name of publisher, distributor, etc Harrison House
Date of publication, distribution, etc c1986
300 ## - PHYSICAL DESCRIPTION
Extent 97 p. ;
Dimensions 21 cm.
650 ## - SUBJECT ADDED ENTRY--TOPICAL TERM
Topical term or geographic name as entry element Young Men
942 ## - ADDED ENTRY ELEMENTS (KOHA)
Source of classification or shelving scheme
Koha item type Books
Copies
Lost status Date last seen Shelving location Withdrawn status Damaged status Date acquired Source of classification or shelving scheme Koha item type Permanent Location Barcode Price effective from Full call number Copy number Not for loan
 2010-04-14General Stacks  2010-04-14 BooksRHEMA Bible Training College126322010-04-14HQ 834 .C61 
 2010-04-14General Stacks  2010-04-14 BooksRHEMA Bible Training College164702010-04-14HQ 834 .C62 
 2010-04-14General Stacks  2010-04-14 BooksRHEMA Bible Training College164712010-04-14HQ 834 .C63